000 00782nam a2200253 i 4500
001 bg
245 0 0 _aĆwiczenia laboratoryjne z fizyki /
_cpod red. Ireny Lasockiej i Jana Zambrzyckiego ; [aut. Mirosława Bożyk et al.] ; Politechnika Białostocka.
260 _aBiałystok :
_bDział Wydawnictw i Poligrafii PB,
_c2000.
300 _a250 s. :
_bil. ;
_c23 cm.
504 _aBibliogr.
650 9 _aFizyka
655 _aPodręczniki akademickie
700 1 _aLASOCKA, Irena.
_eRed.
700 1 _aZAMBRZYCKI, Jan.
_eRed.
700 1 _aBOŻYK, Mirosława
710 0 _aPolitechnika Białostocka
020 _a8388229141
040 _cBPK
041 0 _apl
080 _a53(075.8)
920 _a83-88229-14-1
942 _cKS
008 s pl f |000 0 pol
999 _c40018
_d40018
856 _uhttp://koha.tu.koszalin.pl/cgi-bin/koha/opac-detail.pl?biblionumber=40018
_yKatalog online BPK